La fe católica y los ataques protestantes
Saved in:
| Hovedforfatter: | |
|---|---|
| Format: | Bog |
| Sprog: | spansk |
| Udgivet: |
Santiago
Sagrado Corazón de Jesús
1942
|
| Fag: | |
| Tags: |
Tilføj Tag
Ingen Tags, Vær først til at tagge denne postø!
|
MARC
| LEADER | 00000nam a2200000 a 4500 | ||
|---|---|---|---|
| 001 | UCR3123 | ||
| 003 | CL-VaPUC | ||
| 005 | 20250103100416.0 | ||
| 008 | 980123e19420000cl 1 spa d | ||
| 082 | 0 | 4 | |a 234.2 |b FUE |2 21 |
| 100 | 1 | |a Fuenzalida G., Gilberto |e author |9 618706 | |
| 245 | 1 | 3 | |a La fe católica y los ataques protestantes |
| 260 | |a Santiago |b Sagrado Corazón de Jesús |c 1942 | ||
| 300 | |a 32 p | ||
| 583 | |a last modification |c 19980123 00:00:00 |k Rodrigo Vera | ||
| 650 | 0 | 0 | |a Fe |9 308036 |
| 650 | 0 | 7 | |a EVANGELIZACION |2 CL-VaPUC |9 618707 |
| 650 | 0 | 0 | |a Protestantismo |9 317293 |
| 650 | 0 | 7 | |a DOCTRINA CRISTIANA |2 CL-VaPUC |9 339115 |
| 650 | 0 | 0 | |a Iglesia Católica |9 256114 |
| 650 | 0 | 0 | |a Catolicismo |9 258690 |
| 650 | 0 | 0 | |a Congresos |9 257560 |
| 942 | |c BK | ||
| 945 | |a rleighto |d 19980123 00:00:00 | ||
| 546 | |a En Español | ||
| 518 | |p Congreso Mariano de Chile, Santiago, 12 de Septiembre de 1942 | ||
| 999 | |c 383082 |d 383080 | ||
| 952 | |0 0 |1 2 |4 0 |6 234_200000000000000_FUE_1942 |7 0 |8 A |9 505092 |a BIBTEO |b BIBTEO |d 2020-01-23 |i 3384993 |o 234.2 FUE 1942 |p 3384993 |r 2020-01-23 |w 2020-01-23 |x Descarte 2019 |y BK |k ICR | ||